000 01525cam a22004694i 4500
003 PE-LiUPU
005 20250731172940.0
008 150623s1966 xxk rb 000 0 spa d
020 _a0385027656
035 _a(Sirsi) i9780385027656
040 _aPE-LiUPU
_bspa
_cPE-LiUPU
_erda
049 _aPRUA
082 0 4 _a220.7
_bAB1966
_221
100 1 _aDahood, Mitchell,
_eautor.
245 1 0 _aPsalms I :
_b1-50.
_n16 /
_cMitchell Dahood.
264 1 _aNew York :
_bDoubleday,
_c1966.
300 _a329 páginas ;
_c24 centímetros
336 _atext
_2rdacontent
337 _aunmediated
_2rdamedia
338 _avolume
_2rdacarrier
490 0 _aThe Anchor Bible ;
_v16
504 _aIncluye bibliografía.
505 0 _aTraducción y notas de Salmos de 1-50.
526 _aSEG42
526 _aSEG41
526 _aSEG40
526 _aSEG39
526 _aP94
526 _aP87
526 _aP86
526 _aP85
526 _aP77
526 _aP76
526 _aP35
630 _aBiblia.
_pA.T.
_pSalmos
_xComentarios.
942 _2ddc
_cBOOK
949 _a220.7 AB 16 1966
_wDEWEY
_c1
_i44548
_d2015-12-1
_e2015-11-30
_lCCODEBUL1
_mBUL
_n3
_r0
_sY
_tBOOK
_u2015-6-24
_xTEOLOGIA
_PP35
_0COMPRA
_o.STAFF. Colección Teología
994 _aC0
_bPEPRU
596 _a1
999 _a220.7 AB 16 1966
_wDEWEY
_c21432
_i44548
_d21432
_e2019-9-23
_f2021-11-9
_g5
_lCCODEBUL1
_mBUL
_n6
_p15.00
_q3
_r0
_sY
_tBOOK
_u2015-6-24
_xTEOLOGIA
_PP35
_0COMPRA
_o.STAFF. Colección Teología
980 _81
_gALBERTO SANCHEZ Responsable de Automatización